000 00787nam a2200265 i 4500
001 C2-0238411
003 PPAK
005 20180727201532.0
008 020416s2001 my a|||| ||||| | may d
020 _a9836270027
040 _aPPAK
_beng
_cPPAK
_erda
082 0 4 _a600
_223
090 0 0 _a600
_bLAF
_dRK
100 1 _aLafferty, Peter,
_eauthor
245 1 0 _aBagaimana objek berfungsi
264 1 _aKuala Lumpur :
_bDewan Bahasa dan Pustaka ,
_c2001
300 _a77 pages :
_bcolour illustrations ;
_c35 cm
336 _2rdacontent
_atext
337 _2rdamedia
_aunmediated
338 _2rdacarrier
_avolume
490 1 _aBuku besar tentang
650 1 0 _aTechnology - Juvenile literature. ; Machinery - Juvenile literature.
830 0 _aBuku besar tentang
942 _ddc
_cB
999 _c53806
_d53806